Spell the Marvel Villain #9 - Statistics

General Stats
  • This quiz has been taken 15 times
  • The average score is 8 of 12
Answer Stats
Picture Answer % Correct
Iron-Monger
100%
Mysterio
100%
Rhino
100%
Taskmaster
85%
Hammerhead
77%
Owl
69%
Deathbird
54%
Psycho-Man
54%
Typhoid Mary
54%
Armadillo
46%
Yokai
38%
Ymir
31%
No matching quizzes found
Score Distribution
Percent of People with Each Score
Percentile by Number Answered
Your Score History
You have not taken this quiz